Score 0/20 Timer 01:30
1 Play Today
Question Answer Wrong Answers
___ Rhapsody (1975 song)
Queen
Bohemian
95.8%
Bulgarian
0.7%
___ Bad (2000s TV show)
Bryan Cranston, Aaron Paul
Breaking
95.7%
Basically
0.8%
Saved by the ___ (1990s TV show)
Mark-Paul Gosselaar, Elizabeth Berkley
Bell
95.5%
Billionaire
0.9%
___ Over Troubled Water (1970 song)
Simon & Garfunkel
Bridge
95.2%
Beach
1.3%
The ___ Effect (2004 movie)
Ashton Kutcher, Amy Smart
Butterfly
95.2%
Bovine
1.4%
___ the Vampire Slayer (1990s TV show)
David Boreanaz, Alyson Hannigan
Buffy
94.6%
Betty
2%
___ Swan (2010 movie)
Natalie Portman, Mila Kunis
Black
94.5%
Bella
2%
___: The Animated Series (1990s TV show)
Kevin Conroy, Mark Hamill
Batman
90.8%
Bambi
5.6%
Life is ___ (1997 movie)
Robert Benigni, Nicoletta Braschi
Beautiful
90.1%
Bliss
6.2%
___ of Spies (2015 movie)
Tom Hanks, Amy Ryan
Bridge
89.9%
Building
6.4%
What About ___? (1991 movie)
Bill Murray, Richard Dreyfuss
Bob
87.1%
Brad
9.2%
___ in Pocket (1979 song)
The Pretenders
Brass
86%
Beagle
10.1%
__ Damage (1973 song)
Pink Floyd
Brain
84.9%
Bodily
11.3%
Leave It to ___ (1950s TV show)
Jerry Mathers, Barbara Billingsley
Beaver
84.6%
Bryan
11.8%
___ Bear (2003 movie)
Jeremy Suarez, Rick Moranis
Brother
81.8%
Brown
14.7%
Hotline ___ (2015 song)
Drake
Bling
78.4%
Boom
17.6%
The ___ Type (2010s TV show)
Katie Stevens, Aisha Dee
Bold
71.1%
Brave
25%
Tangled Up in ___ (1975 song)
Bob Dylan
Blue
67.1%
Black
29.1%
Eight ___ (2006 movie)
Paul Walker, Jason Biggs
Below
63.7%
Ball
32.8%
In My ___ (2018 song)
Shawn Mendes
Blood
61.9%
Body
34.4%
Remove Ads.
Support Sporcle.
Get the best of Sporcle when you Go Orange. This ad-free experience offers more features, more stats, and more fun while also helping to support Sporcle. Thank you for becoming a member.

You're not logged in!

Compare scores with friends on all Sporcle quizzes.
OR
Log In

Show Comments

Extras

Top Quizzes Today


Score Distribution

Your Account Isn't Verified!

In order to create a playlist on Sporcle, you need to verify the email address you used during registration. Go to your Sporcle Settings to finish the process.

Report this User

Report this user for behavior that violates our Community Guidelines.

Details: